LEADER 01011nam0-22003371i-450- 001 990003957790403321 010 $a0-202-30660-7 035 $a000395779 035 $aFED01000395779 035 $a(Aleph)000395779FED01 035 $a000395779 100 $a20030505d2002----km-y0itay50------ba 101 0 $aeng 102 $aUS 105 $a--------001cy 200 1 $aCreating fear$enews and construction of crisis$fDavid L. Altheide 210 $aNew York$cAldine De Gruyter$d©2002 215 $axii, 223 p.$cfig.$d23 cm 225 1 $aSocial problems and social issues 320 $aContiene bibl. (pp. 199-209) 610 0 $aMezzi di comunicazione di massa$aStati Uniti 610 0 $aOpinione pubblica$aStati Uniti 676 $a302.230973$v21$zita 700 1$aAltheide,$bDavid L.$f<1945- >$027655 801 0$aIT$bUNINA$gRICA$2UNIMARC 901 $aBK 912 $a990003957790403321 952 $a302.230973 ALT 3$b1878 959 $aBFS 996 $aCreating fear$9513118 997 $aUNINA LEADER 01207nam2-2200397---450- 001 990001005600203316 005 20050811105550.0 010 $a2-07-072811-0 035 $a0100560 035 $aUSA010100560 035 $a(ALEPH)000100560USA01 035 $a0100560 100 $a20020228d1994----km-y0itay0103----ba 101 $afre 102 $aFR 105 $a||||||||001yy 200 1 $aCahiers, 1933-septembre 1941$v6,1$fSimone Weil$gles textes de ce volume ont été etablis et présentés par Alyette Degraces...et al. 210 $aParis$cGallimard$d1994 215 $a570 p$d23 cm 300 $aTit. della cop. 410 $12001 461 1$10010100541$12001$aOeuvres complètes 676 $a120 700 1$aWEIL,$bSimone$0159196 702 1$aDEGRACES,$bAlyette 801 0$aIT$bsalbc$gISBD 912 $a990001005600203316 951 $aII.1.D. 3621/6.1(II f A 1037/6,I)$b129016 LM$cII f A 959 $aBK 969 $aUMA 979 $aPATTY$b90$c20020228$lUSA01$h1400 979 $c20020403$lUSA01$h1742 979 $aPATRY$b90$c20040406$lUSA01$h1709 979 $aCOPAT5$b90$c20050811$lUSA01$h1055 996 $aCahiers, 1933-septembre 1941$9974540 997 $aUNISA